<?xml version="1.0" encoding="UTF-8"?><?xml-stylesheet type="text/xsl" href="static/style.xsl"?><OAI-PMH xmlns="http://www.openarchives.org/OAI/2.0/" xmlns:xsi="http://www.w3.org/2001/XMLSchema-instance" xsi:schemaLocation="http://www.openarchives.org/OAI/2.0/ http://www.openarchives.org/OAI/2.0/OAI-PMH.xsd"><responseDate>2026-04-17T07:40:49Z</responseDate><request verb="GetRecord" identifier="oai:www.recercat.cat:10459.1/72917" metadataPrefix="marc">https://recercat.cat/oai/request</request><GetRecord><record><header><identifier>oai:recercat.cat:10459.1/72917</identifier><datestamp>2024-12-05T22:17:33Z</datestamp><setSpec>com_2072_3622</setSpec><setSpec>col_2072_479130</setSpec></header><metadata><record xmlns="http://www.loc.gov/MARC21/slim" xmlns:dcterms="http://purl.org/dc/terms/" xmlns:xsi="http://www.w3.org/2001/XMLSchema-instance" xmlns:doc="http://www.lyncode.com/xoai" xsi:schemaLocation="http://www.loc.gov/MARC21/slim http://www.loc.gov/standards/marcxml/schema/MARC21slim.xsd">
   <leader>00925njm 22002777a 4500</leader>
   <datafield ind2=" " ind1=" " tag="042">
      <subfield code="a">dc</subfield>
   </datafield>
   <datafield ind2=" " ind1=" " tag="720">
      <subfield code="a">Robert, Pau</subfield>
      <subfield code="e">author</subfield>
   </datafield>
   <datafield ind2=" " ind1=" " tag="720">
      <subfield code="a">Cirer-Sastre, Rafel</subfield>
      <subfield code="e">author</subfield>
   </datafield>
   <datafield ind2=" " ind1=" " tag="720">
      <subfield code="a">López Laval, Isaac</subfield>
      <subfield code="e">author</subfield>
   </datafield>
   <datafield ind2=" " ind1=" " tag="720">
      <subfield code="a">Matas Garcia, Sergi</subfield>
      <subfield code="e">author</subfield>
   </datafield>
   <datafield ind2=" " ind1=" " tag="720">
      <subfield code="a">Álvarez-Herms, Jesús</subfield>
      <subfield code="e">author</subfield>
   </datafield>
   <datafield ind2=" " ind1=" " tag="720">
      <subfield code="a">Julià-Sánchez, Sonia</subfield>
      <subfield code="e">author</subfield>
   </datafield>
   <datafield ind2=" " ind1=" " tag="720">
      <subfield code="a">Corbi Soler, Francesc</subfield>
      <subfield code="e">author</subfield>
   </datafield>
   <datafield ind2=" " ind1=" " tag="260">
      <subfield code="c">2022-02-01T12:18:48Z</subfield>
   </datafield>
   <datafield ind2=" " ind1=" " tag="260">
      <subfield code="c">2022-02-01T12:18:48Z</subfield>
   </datafield>
   <datafield ind2=" " ind1=" " tag="260">
      <subfield code="c">2020</subfield>
   </datafield>
   <datafield ind2=" " ind1=" " tag="520">
      <subfield code="a">El objetivo de este trabajo fue valorar la relación existente entre el resultado obtenido&#xd;
en diferentes test de salto vertical y la mejor marca registrada durante una prueba de&#xd;
BMX (Bicycle Moto-Cross), y el rendimiento del corredor. Para ello, participaron en&#xd;
este estudio 10 corredores: 5 considerados grupo élite (GE) (edad: 18.8±3.7 años,&#xd;
peso: 68.4±8.5 kg, talla: 174±9 cm y experiencia previa en la práctica de BMX:&#xd;
8±3.8 años), y 5 considerados como grupo recreativo (GR) (edad: 19,8±4.8 años,&#xd;
peso: 69.2±11.7 kg, talla: 170±9 cm, experiencia previa en BMX: 4.2±1.3 años). La&#xd;
capacidad de salto vertical fue obtenida mediante el protocolo de Bosco, o sea salto&#xd;
vertical sin contramovimiento (JS), salto vertical con contramovimiento (CMJ), salto&#xd;
con caída (DJ) y saltos repetidos (RJ) y se determinó el tiempo en carrera dentro de&#xd;
un circuito de BMX. Los resultados indican la existencia de una relación directa entre el tiempo empleado en completar el circuito y la altura de salto alcanzada en SJ&#xd;
(r: –.801; p: .017), CMJ (r: –.798; p: .018) y DJ (r: –.782; p: .022), lo que sugiere que&#xd;
la valoración de la capacidad de salto mediante el test de Bosco puede resultar una&#xd;
herramienta interesante para la valoración del rendimiento en BMX.</subfield>
   </datafield>
   <datafield ind1="8" ind2=" " tag="024">
      <subfield code="a">http://hdl.handle.net/10459.1/72917</subfield>
   </datafield>
   <datafield tag="653" ind2=" " ind1=" ">
      <subfield code="a">BMX</subfield>
   </datafield>
   <datafield tag="653" ind2=" " ind1=" ">
      <subfield code="a">Test de salto</subfield>
   </datafield>
   <datafield tag="653" ind2=" " ind1=" ">
      <subfield code="a">Ciclismo</subfield>
   </datafield>
   <datafield tag="653" ind2=" " ind1=" ">
      <subfield code="a">Potencia</subfield>
   </datafield>
   <datafield tag="653" ind2=" " ind1=" ">
      <subfield code="a">Rendimiento</subfield>
   </datafield>
   <datafield ind2="0" ind1="0" tag="245">
      <subfield code="a">Relación entre capacidad de salto y rendimiento en ciclismo de BMX</subfield>
   </datafield>
   <datafield ind2="0" ind1="0" tag="245">
      <subfield code="a">Relationship Between Jump Capacity and Performance in BMX Cycling</subfield>
   </datafield>
</record></metadata></record></GetRecord></OAI-PMH>